RRR Characters - Statistics

General Stats
  • This quiz has been taken 17 times
  • The average score is 3 of 9
Answer Stats
Cast Member Character % Correct
Ram Charan Alluri Sitarama Raju (Ram)
85%
Alia Bhatt Sita
69%
Twinkle Sharma Malli
54%
Olivia Morris Jennifer
46%
N. T. Rama Rao Jr. Komaram Bheem
46%
Ray Stevenson Governor Scott Buxton
15%
Chatrapathi Sekhar Jangu
15%
Ajay Devgn Alluri Venkatarama Raju
8%
Alison Doody Catherine Buxton
0%
No matching quizzes found
Score Distribution
Percent of People with Each Score
Percentile by Number Answered
Your Score History
You have not taken this quiz